Dalits speaking experience / (Record no. 4473)
[ view plain ]
| 000 -LEADER | |
|---|---|
| fixed length control field | 00676 a2200205 4500 |
| 010 ## - LCCN (DPL NO) | |
| LC control number | ENG-86321 |
| 020 ## - INTERNATIONAL STANDARD BOOK NUMBER | |
| International Standard Book Number | 8172148585 |
| Terms of availability | 135.00 |
| 035 ## - SYSTEM CONTROL NUMBER | |
| System control number | EN-69854 |
| 037 ## - SOURCE OF ACQUISITION | |
| Source of stock number/acquisition | DBAD/ PUB |
| 082 14 - DEWEY DECIMAL CLASSIFICATION NUMBER | |
| Classification number | 280 |
| 245 1# - TITLE STATEMENT | |
| Title | Dalits speaking experience / |
| Statement of responsibility, etc | ed. and comp. by Elizabeth S. Balasundaram. |
| 260 ## - PUBLICATION, DISTRIBUTION, ETC. (IMPRINT) | |
| Place of publication, distribution, etc | Delhi |
| Name of publisher, distributor, etc | Indian Society for Promoting Christian Knowledge |
| Date of publication, distribution, etc | 2005 |
| 300 ## - PHYSICAL DESCRIPTION | |
| Extent | 176 p. |
| Dimensions | 23 cm. (Pbk) |
| 650 #0 - SUBJECT ADDED ENTRY--TOPICAL TERM | |
| Topical term or geographic name as entry element | Theology, Doctrinal. |
| 650 #0 - SUBJECT ADDED ENTRY--TOPICAL TERM | |
| Topical term or geographic name as entry element | Dalits |
| Geographic subdivision | India |
| General subdivision | Religion |
| 650 #0 - SUBJECT ADDED ENTRY--TOPICAL TERM | |
| Topical term or geographic name as entry element | Christianity and social problems |
| Geographic subdivision | India |
| 650 #0 - SUBJECT ADDED ENTRY--TOPICAL TERM | |
| Topical term or geographic name as entry element | Dalits |
| Geographic subdivision | India |
| General subdivision | Social conditions |
| 700 1# - ADDED ENTRY--PERSONAL NAME | |
| Personal name | Balasundaram, Elizabeth S. |
| 942 ## - ADDED ENTRY ELEMENTS (KOHA) | |
| Institution code [OBSOLETE] | dpl |
| Item type | English Books |
| Source of classification or shelving scheme | Dewey Decimal Classification |
| Classification part | 280 |
| Call number suffix | DAL |
| Withdrawn status | Lost status | Not for loan | Collection code | Home library | Current library | Source of acquisition | Cost, normal purchase price | Full call number | Barcode | Copy number | Cost, replacement price | Koha item type |
|---|---|---|---|---|---|---|---|---|---|---|---|---|
| Not For Loan | Non-fiction | D.B.Act.Division | D.B.Act.Division | DBAD/PUB | 135.00 | 280 DAL | EN-69854 | 1 | 135.00 | English Books |
